Letting and the law of contract (Record no. 83563)

MARC details
000 -LEADER
fixed length control field 00613cab a22001935a 4500
001 - CONTROL NUMBER
control field L154302
008 - FIXED-LENGTH DATA ELEMENTS--GENERAL INFORMATION
fixed length control field 111110s2011 xxk 000 0 eng d
035 ## - SYSTEM CONTROL NUMBER
System control number (Sirsi) u154302
041 0# - LANGUAGE CODE
Language code of text/sound track or separate title eng
100 1# - MAIN ENTRY--PERSONAL NAME
Personal name Conner, Nick
245 00 - TITLE STATEMENT
Title Letting and the law of contract
Remainder of title agents and principals
260 ## - PUBLICATION, DISTRIBUTION, ETC.
Date of publication, distribution, etc. 2011
490 ## - SERIES STATEMENT
Series statement Letting Update Journal
Volume/sequential designation 19(3) October 2011, 14-16(3)
520 ## - SUMMARY, ETC.
Summary, etc. Considers the formation of agency arrangements in letting situations and the rights and obligations of the parties.
590 ## - LOCAL NOTE (RLIN)
Local note KA
651 #4 - SUBJECT ADDED ENTRY--GEOGRAPHIC NAME
Geographic name United Kingdom
Chronological subdivision
690 ## - LOCAL SUBJECT ADDED ENTRY--TOPICAL TERM (OCLC, RLIN)
Topical term or geographic name as entry element PROPERTY-PROPERTY AGENCY
942 ## - ADDED ENTRY ELEMENTS (KOHA)
Suppress in OPAC 0
Holdings
Withdrawn status Lost status Source of classification or shelving scheme Damaged status Not for loan Home library Current library Shelving location Date acquired Total Checkouts Full call number Barcode Date last seen Copy number Price effective from Koha item type
    Dewey Decimal Classification     London London Journal article 10/11/2011   L154302 154302-1001 06/08/2019 1 06/08/2019 Journal article